| 000 | 00701nam a2200193 a 4500 | ||
|---|---|---|---|
| 001 | 000040441 | ||
| 005 | 20201002034131.0 | ||
| 008 | 130823s2009 mx 000 0 spa d | ||
| 020 | _a9703220120 | ||
| 040 |
_aDO-SdBNP _bspa _cBNPHU |
||
| 100 | 1 |
_aClavigero, Francisco Xavier _966741 |
|
| 245 | 1 | 0 |
_aCarácter y costumbres de los mexicanos. / _cFrancisco Xavier Clavigero; presentación Ernesto de la Torre Villar. |
| 260 |
_aMéxico : _bUniversidad Nacional Autónoma de México, _c2009. |
||
| 300 |
_a34 p. ; _c15 cm. |
||
| 490 | 1 | _aPequeños grandes ensayos | |
| 504 | _aBibliografía p: 36 p. | ||
| 700 | 1 |
_aTorre Villar, Ernesto de la _epres. _966281 |
|
| 830 | 0 |
_aPequeños grandes ensayos _966274 |
|
| 999 |
_c39931 _d39931 |
||